Tillage And Crop Production (Record no. 1422)

MARC details
000 -LEADER
fixed length control field 00287nam a22001337a 4500
020 ## - INTERNATIONAL STANDARD BOOK NUMBER
International Standard Book Number 9788172335151
041 ## - LANGUAGE CODE
Language code of text/sound track or separate title ENG
100 ## - MAIN ENTRY--PERSONAL NAME
Personal name Das.N.R
245 ## - TITLE STATEMENT
Title Tillage And Crop Production
260 ## - PUBLICATION, DISTRIBUTION, ETC. (IMPRINT)
Place of publication, distribution, etc Jodhpur
Name of publisher, distributor, etc Scientific Pub
Date of publication, distribution, etc 2008
300 ## - PHYSICAL DESCRIPTION
Extent 292
650 ## - SUBJECT ADDED ENTRY--TOPICAL TERM
Topical term or geographic name as entry element FMP
856 ## - ELECTRONIC LOCATION AND ACCESS
Uniform Resource Identifier FMP ( 04 )
Holdings
Withdrawn status Lost status Source of classification or shelving scheme Damaged status Not for loan Home library Current library Shelving location Date acquired Total Checkouts Barcode Date last seen Price effective from Koha item type
    Dewey Decimal Classification     College of Agricultural Engineering and Technology, Dapoli , Library College of Agricultural Engineering and Technology, Dapoli , Library Book Cart 23/09/2021   007045 23/09/2021 23/09/2021 Books
    Dewey Decimal Classification     College of Agricultural Engineering and Technology, Dapoli , Library College of Agricultural Engineering and Technology, Dapoli , Library Book Cart 23/09/2021   007046 23/09/2021 23/09/2021 Books

Contact Us: College of Agricultural Engineering and Technology, Dapoli, Dist.- Ratnagiri
Website: https://dbskkv.org Email: caetlibrary2015@gmail.com